| 000 | 01171 a2200253 4500 | ||
|---|---|---|---|
| 005 | 20251212165051.0 | ||
| 008 | 251212b |||||||| |||| 00| 0 eng d | ||
| 020 | _a9788177025262 (hbk) | ||
| 037 | _cTB | ||
| 040 |
_aCRL _cCRL |
||
| 041 |
_2hin _ahin _hsan |
||
| 084 |
_aO15,2D40,3 R4 _qCRL |
||
| 245 | _aविक्रमोर्वशियनाटकस्य समीक्षात्मकमध्ययनम् | ||
| 260 |
_aदिल्ली, भारत: _bप्रतिभा प्रकाशन, _c2024. |
||
| 300 | _a146पृ. | ||
| 365 |
_b550.00 _cINR |
||
| 650 |
_aसंस्कृत नाटक _9856473 |
||
| 650 |
_aसंस्कृत साहित्य _9856474 |
||
| 650 |
_aकालिदास _9856475 |
||
| 650 |
_aविक्रमोर्वशिय _9856476 |
||
| 700 |
_aराय, शिप्रा _eसम्पादक _9856477 |
||
| 942 |
_cTB _2CC _n0 _hO15,2D40,3 R4 |
||
| 999 |
_c1435558 _d1435558 |
||